Mstitel /
Uloženo v:
| Hlavní autor: | |
|---|---|
| Další autoři: | |
| Médium: | E-kniha |
| Jazyk: | Czech |
| Vydáno: |
Brno :
MOBA,
[2019]
|
| Vydání: | 2. vydání |
| Edice: | Rodokaps (MOBA)
|
| Témata: | |
| Tagy: |
Žádné tagy |
| LEADER | 01587nam a2200421 i 4500 | ||
|---|---|---|---|
| 001 | 312754 | ||
| 003 | CZ PrSKC | ||
| 005 | 20260601215728.0 | ||
| 007 | ta | ||
| 008 | 190502t20192019xr g 000 j cze | ||
| 015 | |a cnb003094589 | ||
| 020 | |a 9788024388632 |q (brožováno) : |c Kč 44,99 | ||
| 035 | |a (OCoLC)1119001270 | ||
| 040 | |a OLA001 |b cze |e rda | ||
| 041 | 1 | |a cze |h ger | |
| 072 | 7 | |a 821-31/-34 |x Milostná, dobrodružná, fantastická próza |2 Konspekt | |
| 080 | |a 821-321.3 |2 MRF | ||
| 080 | |a (0:82-32) |2 MRF | ||
| 100 | 1 | |a Scott, William, |d 1949- |7 ola2003188680 |4 aut | |
| 245 | 1 | 0 | |a Mstitel / |c William Scott ; přeložil Tomáš Butala |
| 250 | |a 2. vydání | ||
| 264 | 1 | |a Brno : |b MOBA, |c [2019] | |
| 264 | 4 | |c ©2019 | |
| 300 | |a 50 stran ; |c 22 cm | ||
| 336 | |a text |b txt |2 rdacontent | ||
| 337 | |a bez média |b n |2 rdamedia | ||
| 338 | |a svazek |b nc |2 rdacarrier | ||
| 490 | 1 | |a Rodokaps, |x 1803-4101 ; |v svazek 213 | |
| 500 | |a Přeloženo z němčiny | ||
| 655 | 7 | |a dobrodružné povídky |7 fd132059 |2 czenas | |
| 655 | 9 | |a adventure short stories |2 eczenas | |
| 700 | 1 | |a Butala, Tomáš, |d 1980- |7 xx0035415 |4 trl | |
| 830 | 0 | |a Rodokaps (MOBA) | |
| 900 | |a ABA001 |b 19 | ||
| 044 | |a xr | ||
| 910 | |a RBIT002 | ||
| 998 | |d 421092 |a https://core.palmknihy.cz/api/books/421092/cover?sycm6i |b https://core.palmknihy.cz/api/books/421092/cover/400?sycm6i |c https://core.palmknihy.cz/api/books/421092/cover/50?sycm6i |e 2030-06-30 |g 52 |i 9788024388632 |j https://core.palmknihy.cz/api/books/421092/preview.epub |l |q 49 |r 1 |s https://www.palmknihy.cz/kniha/421092 |t ebook |y 2025 |z 0 | ||
| 999 | |d 312752 | ||